1275 1322 1517 1966 1292 1558 1385 1561 1482 1361 1037 1227 1078 1194 1130 1484 1001 1374 1085 1071 1879 1828 1630 1730 1412 1619 1080 1243 1281 1913 1978 1817 1203 1498 1530 1666 1198 1672 1881 1940 1491 1743 1404 1731 1424 1097 1040 1381 1104 1532 1447 1042 1690 1473 1115 1865 1972 1179 1594 1062 1553 1420 1073 1836 1679 1813 1565 1771 1570 1827 1657 1292 1298 1005 1381 1910 1226 1527 1130 1478 1731 1936 1145 1551 1950 1400 1068 1236 1164 1257 1308 1479 1497 1835 1368 1437 1603 1394 1078 BCNSPRNW ULIB Ver.6.0+V

เปลี่ยนเป็นภาษาไทย

Change to English
 แสดงรายละเอียดบรรณานุกรม
  กลับหน้าหลัก

Brief Record : Get Marc (ISO 2709) : E-mail record : QR code < ปิดหน้าต่าง
LEADER : 00000nam 2200000uu 4500
001    13399112449
003     ULIB
008    110627s2554||||th 000 0 tha d
020    9786165082082
090    นว.^bก382ส 2554
100 0  กัญญ์ชลา
245 00 สาปสวาท/^cกัญญ์ชลา
250    พิมพ์ครั้งที่ 3
260    กรุงเทพฯ :^bแสงดาว,^c2554
300    584 หน้า
710 1  แสงดาว
945    ^p420^l0^i030452
995    ทศพร
999 ^a ใช้งานได้ทุกระบบ
รายการนี้ยังไม่มีแท็ก
คุณยังไม่ได้ล็อกอิน คุณสามารถมีกิจกรรมร่วมกับเว็บไซต์ได้ แต่ต้องล็อกอินก่อน ::
  ล็อกอิน

รายการสื่อสารสนเทศ

ลำดับที่ ประเภท เลขเรียก/บาร์โค้ด สถานที่ สถานะ
- ไม่พบข้อมูล -

BibComment


ยังไม่เคยถูกคอมเมนท์

คอมเมนท์ทรัพยากรรายการนี้
  คอมเมนท์: สาปสวาท กัญญ์ชลา


 Copyright 2026. Bcnsprnw @Library